000 00716nam a2200241 a 4500
001 BRCA_7591
005 20190320205913.0
008 210613s1816----fr-#######---#000-0#fre-#
041 _afre
044 _afr
050 4 _aND812
_b.Q55 1816
100 1 _aQuilliet, F.
_918727
245 1 0 _aDictionnarie des peintres espagnols
_cpar F. Quilliet.
260 _aParís
_bF. Quilliet
_c1816
300 _axxxvii, 407 p.
_c20 cm.
500 _aDiccionario inventariado por Banco de México como libro
500 _aS97
650 1 4 _aPintores españoles
_vBiografías
_918728
650 1 4 _aPintores españoles
_vDiccionarios
_918729
650 1 4 _aEnciclopedias y diccionarios
_99441
902 _aGFM
942 _2lcc
_cB
999 _c7265
_d7265